00732 2200253 4500001002100000005001500021035002000036007000300056008004100059020002200100082001000122084001600132100002700148245012000175250001000295260004300305300002100348650001700369700002000386700002000406504003000426990001100456990001100467INLIS00000000000344720190520112141 a0010-0519000039ta190520 g 0 ind  a978-602-8990-29-0 a297.4 a297.4 MUH m0 aMUHAMMAD, Ma'shum Zein1 aMenguasai Ilmu Ushul Figh :bApa dan Bagaimana Hukum Islam Disarikan dari Sumber-Sumbernya /cMuhammad Ma'shum Zein acet.1 aYogyakarta :bPustaka Pesantren,c2016 a424 hlm ;c23 cm 4aISLAM. FIQIH0 aABDILLAH, Halim0 aWAWAN, Djunaidi aBibliografi: hlm. 415-424 a6506 a a6506 b